000 00675nam a2200241Ia 4500
005 20250425161930.0
008 250425s9999 xx 000 0 und d
041 _aspa
082 _a658.8
100 _aVILLEGAS ORREGO, FABIO
245 0 _aMARKETING ESTRATEGICO: "MODELO PARA ELABORAR SU EXITOSO PLAN DE MERCADEO
250 _a1A ED.
260 _aCALI
260 _aColombia
_bUNIVERSIDAD DEL VALLE FACULTAD DE CIENCIAS DE LA ADMINISTRACION
_c1990
300 _a269
650 _aCLIENTES
650 _aINVESTIGACION DE MERCADOS
650 _aMARKETING ESTRATEGICO
650 _aPLAN DE MARKETING
650 _aPRODUCTOS
942 _c01
010 _a35331
999 _c219099
_d219099